000 00750nam a2200253Ia 4500
003 OSt
005 20220926012325.0
006 a|||||r|||| 00| 0
007 ta
008 220923b |||||||| |||| 00| 0 eng d
020 _a0521568242
037 _cGeneral Book
040 _aRTL
_cRTL
_beng
041 _2eng
_aeng
082 _aX9(J):9J2.236.N9, N6/TD1
100 _aBreman Jan
245 0 _aFootloose labour
_b Working in India's informal economy
260 _aNew York
_bCambridge University Press
_c1996
300 _aix,278p
_ccm.
490 _aContemporary South Asia; 2
500 _aBibliography: P 265-73
942 _hX9(J):9J2.236.N9, N6/TD1
_cGB
_2CC
999 _c622526
_d622526